00239nam a2200109Ia 4500008004100000041001200041082001100053100002300064245002500087260000900112650000800121221030s9999 xx 000 0 und d aEnglish a105.23 aEshan-Ul-Haq-Mir/1 0aTV SIGNAL PROCESSING c1999 aECE